Sports Quiz

Random Sports or Football Quiz

Germany's 2014 World Cup Squad Quiz Stats

 Plays Quiz Updated Jun 30, 2014

Support Sporcle.
Go Orange.
Score 0/24 Timer 05:00
30 Plays Today
Position Player % Correct
GoalkeeperManuel Neuer
94%
MidfielderMesut Özil
89.6%
ForwardMiroslav Klose
87.3%
DefenderMats Hummels
84%
DefenderJérôme Boateng
83.9%
MidfielderThomas Müller
83.8%
DefenderPhilipp Lahm
83.7%
ManagerJoachim Löw
81.3%
MidfielderMario Götze
79.5%
MidfielderToni Kroos
75.7%
DefenderPer Mertesacker
74.7%
MidfielderSami Khedira
74%
Position Player % Correct
MidfielderBastian Schweinsteiger
70.2%
MidfielderAndré Schürrle
64.7%
MidfielderLukas Podolski
63%
GoalkeeperRoman Weidenfeller
61.3%
DefenderBenedikt Höwedes
56.5%
DefenderShkodran Mustafi
48.2%
MidfielderJulian Draxler
44.2%
MidfielderChristoph Kramer
37%
GoalkeeperRon-Robert Zieler
32.3%
DefenderErik Durm
26.9%
MidfielderMatthias Ginter
24.5%
MidfielderKevin Großkreutz
23.4%

You're not logged in!

Compare scores with friends on all Sporcle quizzes.
OR
Log In

From the Vault

Unique First Letter States On a Map

by Purple_Parrot

Well aren't these states special.
Remove Ads.
Support Sporcle.
Get the best of Sporcle when you Go Orange. This ad-free experience offers more features, more stats, and more fun while also helping to support Sporcle. Thank you for becoming a member.

Show Comments

Extras

Top Quizzes Today


Score Distribution

Your Account Isn't Verified!

In order to create a playlist on Sporcle, you need to verify the email address you used during registration. Go to your Sporcle Settings to finish the process.

Report this User

Report this user for behavior that violates our Community Guidelines.

Details: